000 00386nam a2200157Ia 4500
008 180921t2009 xxu||||| |||| 00| 0 eng d
041 _aeng
080 _a612.17
_bEKA
100 _aEkanayaka Ruwan .I
245 _aUnstable Angina
260 _bRuwan .I.Ekanayaka
_aColombo
_c2009
300 _a116, 24 cm
942 _cBK
999 _c14330
_d14330
003 LK-CoDNM
040 _aLK-CoDNM
_dLK-CoDNM
_eLK-CoDNM